000 00300nam a22001337a 4500
008 170405b xxu||||| |||| 00| 0 eng d
020 _a0126526508
041 _aeng
080 _a574
100 _a9
101 _aSHM
245 _aTREE PATHOLOGY: A SHORT INTRODUCTION
_cSMITH, W.H
942 _2udc
_cBK
999 _c9770
_d9770